Normal view
MARC view
- Wong c.P Ning,Cheng Lee Ricky, Lee S.W
Entry Corporate Name
001 - CONTROL NUMBER
- control field: 114059
003 - CONTROL NUMBER IDENTIFIER
- control field: NUST
005 - DATE AND TIME OF LATEST TRANSACTION
- control field: 20230808165309.0
008 - FIXED-LENGTH DATA ELEMENTS
- fixed length control field: 230808|| aca||aabn | a|a d
040 ## - CATALOGING SOURCE
- Original cataloging agency: NUST
- Transcribing agency: NUST
110 ## - HEADING--CORPORATE NAME
- Corporate name or jurisdiction name as entry element: Wong c.P Ning,Cheng Lee Ricky, Lee S.W
670 ## - SOURCE DATA FOUND
- Source citation: Work cat.: (NUST): John, H.Lau 52198, Electronics Manufacturing: , 2003.
